00942nam a22001457a 450000500170000000800410001702000150005810000190007324500860009230000240017850504550020294200130065799900170067095201090068720240722115022.0240722b ||||| |||| 00| 0 eng d a1885477848 9Wagner, Sheila aInclusive programming for the middle school students with autism/cSheila Wagner  axi, 227 p,:c28cm.  aContents: Autism in a nutshell -- Inclusion discussion: introduction to middle school -- Philosophy and definition of inclusion -- Necessary components -- Profile and characteristics -- Formation of an individual education plan (IEP) -- Behavior programming in middle school -- Academic issues for middle-school students -- Social programming -- Collaboration -- Other programming issues to consider --Let's get to know some middle school students  2lcccREF c10327d17827 00102lcc4070aWIUC-1bWIUC-1cREFd2024-07-22l0oLC4717.W34r2024-07-22 00:00:00t1w2024-07-22yREF